Are you a sm stan? Quiz Stats

 Plays Quiz not verified by Sporcle

Score 0/103 Timer 10:00
0 Plays Today
Hint Answer % Correct
exod.o.
92.6%
shineetaemin
92.1%
soloiststaemin
92.1%
shineeminho
91.8%
exoxiumin
91.8%
exochen
91.8%
exochanyeol
91.8%
red velvetirene
91.8%
soloistschen
91.8%
f(x)amber
91.5%
exosehun
91.5%
soloistsamber
91.5%
shineekey
91.2%
exosuho
91.2%
exolay
91.2%
exokai
91.2%
red velvetseulgi
91.2%
soloistslay
91.2%
shineeonew
91%
shineejonghyun
91%
exobaekhyun
91%
ncttaeyong
91%
soloistsonew
91%
red velvetwendy
90.7%
red velvetjoy
90.7%
red velvetyeri
90.4%
f(x)krystal
89.9%
nctmark
89.6%
girls' generationtaeyeon
89.3%
soloiststaeyeon
89.3%
exoluhan
89%
nctten
88.8%
nctwinwin
88.8%
exokris
88.5%
exotao
88.5%
Hint Answer % Correct
nctjohnny
88.2%
nctlucas
88.2%
ncttaeil
87.9%
nctjisung
87.9%
super juniorheechul
87.7%
f(x)luna
87.7%
soloistsluna
87.7%
f(x)victoria
87.1%
nctjaehyun
87.1%
nctjaemin
87.1%
soloistsvictoria
87.1%
nctyuta
86.8%
nctdoyoung
86.8%
ncthaechan
86.8%
nctrenjun
86.6%
nctchenle
86.6%
girls' generationsunny
86%
girls' generationtiffany
86%
nctjeno
86%
nctkun
85.2%
super juniorleeteuk
85%
girls' generationyoona
83.8%
super juniordonghae
83.6%
nctjungwoo
83.3%
ncthendery
81.9%
super juniorsiwon
81.8%
super juniorshindong
81.5%
girls' generationyuri
81.1%
soloistsyuri
81.1%
nctyangyang
80.8%
girls' generationhyoyeon
80.3%
girls' generationjessica
80.3%
f(x)sulli
79.7%
nctxiaojun
79.5%
super junioreunhyuk
79.2%
Hint Answer % Correct
super junioryesung
78.6%
super juniorkyuhyun
78%
girls' generationseohyun
77.8%
super juniorryeowook
76.8%
girls' generationsooyoung
76.7%
super juniorhenry
76.2%
super juniorkangin
72.7%
super juniorsungmin
70.4%
super juniorzhoumi
66.6%
soloistsboa
64.1%
tvxqjaejoong
57.8%
tvxqjunsu
54.5%
super juniorkibum
52.8%
s.e.sbada
49%
tvxqyoochun
49%
s.e.seugene
47.1%
tvxqmax changmin
44.7%
tvxqu-know yunho
40%
s.e.sshoo
38.6%
soloistskangta
37.5%
the gracedana
23.6%
soloistsdana
23.6%
traxxjungmo
23.3%
the gracesunday
22.7%
soloistssunday
22.7%
the gracestephanie
17%
traxxjay
16.7%
the gracelina
11.8%
traxxginjo
8.8%
traxxrose
7.7%
traxxattack
7.4%
super juniorhanggeng
7.3%
soloistsj-minKey Onew Chen
2.2%

You're not logged in!

Compare scores with friends on all Sporcle quizzes.
OR
Log In

You Might Also Like...

Show Comments

Extras

Top Quizzes Today


Score Distribution

Your Account Isn't Verified!

In order to create a playlist on Sporcle, you need to verify the email address you used during registration. Go to your Sporcle Settings to finish the process.

Report this User

Report this user for behavior that violates our Community Guidelines.

Details: